Allgemeinwissen & mehr (Teil 1) - Statistiken

Allgemein
  • Dieses Quiz wurde 1.277 mal gespielt
  • Das Durchschnittsergebnis liegt bei 9 aus 20
Antwortstatistiken
Frage Antwort % Korrekt
An welchem Wochentag findet seit 1982 neben dem Samstag noch eine Ziehung der Lottozahlen statten? Mittwoch
97%
Sprichwörtlich ist das Leben kein _______ Ponyhof
90%
In welcher Farbe werden auf Landkarten üblicherweise Gewässer dargestellt? Blau
83%
Welches Wort mit vier Buchstaben bezeichnet eine Gebühr für die Nutzung von Straßen? Maut
75%
Bei −273,15 Grad Celsius liegt der sogenannte absolute _________ Nullpunkt
69%
Wo arbeiten Justizvollzugsbeamte? Gefängnis
67%
Was muss man im Herbst in die Erde pflanzen, damit im Frühjahr daraus Tulpen, Narzissen oder Krokusse wachsen? Zwiebel
55%
In welchem US-Bundesstaat liegt Rocky Beach, der fiktive Heimatort der Drei Fragezeichen? Kalifornien
48%
Welcher Teil des Berliner Reichstagsgebäudes wurde von Architekt Norman Foster geplant? Kuppel
47%
Welcher Verein aus London konnte neben Chelsea und Arsenal bisher noch die englische Fußballmeisterschaft gewinnen (1951 und 61)? Tottenham Hotspur
38%
Die römische Provinz Raetia umfasste zum Großteil welches heutige Land? Schweiz
34%
Wie lautet die dreistellige Telefonvorwahl von Frankfurt am Main? 069
32%
Wer wurde 2012 zum ersten parteilosen Bundespräsidenten Deutschlands gewählt? Joachim Gauck
31%
Wie nennt man ein Wort, das sich durch Umstellung der Buchstaben aus einem anderen Wort ergibt? Anagramm
29%
Welche Kinderbuchfigur heißt in Frankreich "Fifi Brindacier"? Pippi Langstrumpf
27%
In einem alternativen Text des Liedes "Von den blauen Bergen kommen wir" geht es um eine Tante aus welchem Land? Marokko
22%
Was wird mittels des Haber-Bosch-Verfahrens aus den Elementen Stickstoff und Wasserstoff hergestellt? Ammoniak
16%
Wer spielte Mary im Film "Verrückt nach Mary" aus dem Jahr 1998? Cameron Diaz
13%
Welche Institute fördern die deutsche Sprache im Ausland und den kulturellen Austausch mit Deutschland? Goetheinstitute
13%
Welchen Titel trug Luitpold von Bayern, der das Königreich von 1886 bis 1912 für seinen geisteskranken Neffen König Otto regierte? Prinzregent
5%
Keine übereinstimmenden Quizze gefunden
Verteilung der Resultate
Anzahl Personen mit jedem Resultat
Perzentil nach korrekt beantworteten Fragen
Ihre Resultats-Entwicklung
Sie haben dieses Quiz noch nicht gespielt